000 01015nam a2200289 i 4500
003 EG-GICUC
005 20260203140545.0
008 260203s1947 -us||||fr|||| 001 0 eng d
040 _aEG-GiCUC
_beng
_cEG-GiCUC
_dEG-GiCUC
_erda
041 0 _aeng
082 0 4 _221
_a341.1
_bRE . I
092 0 4 _221
099 _aLaw1 11 341.1 RE . I 1947
100 1 _aRenborg, Bertil A
_eAuthor.
245 0 1 _aInternational Drug Control :
_bA Study Of International Administration By And Through The League Of Nations /
_cBy Bertil A. Renborg.
264 1 _aWashington :
_bCarnegie Endowment For International Peace,
_c1947.
300 _a276 pages,
_c24 cm.
336 _2rda content
_atext
337 _2rda media
_aComputer
338 _2rda carrier
_aOnline Resource
504 _aIncludes bibliographical references and index.
546 _aText in English
650 1 4 _aPublic international law.
856 4 0 _uhttps://fll.law.cu.edu.eg/fulltext/bks/B11-07453.pdf
905 _a48
942 _2ddc
_cBK
_e21
_n0
999 _c60591
_d60591